000 00379nam a22001697a 4500
999 _c4817
_d4815
005 20211106144744.0
008 160630b xxu||||| |||| 00| 0 eng d
020 _a81-203-0908-1
041 _aeng
082 _b10912
100 _aChisnall, Peter M
_91471
245 _aMarketing Research
260 _bPHI
_c2003
300 _a205
650 _aManagement
_9241
942 _cBK